[Event "OCF Winter NAO FIDE Op"]
[Site "Stillwater USA"]
[Date "2007.02.18"]
[Round "4"]
[White "Movsisyan, Movses"]
[Black "Charbonneau, Pascal"]
[Result "1/2-1/2"]
[WhiteElo "2280"]
[BlackElo "2500"]
[PlyCount "79"]
[GameId "2129405106572888"]
[EventDate "2007.02.17"]
[EventType "swiss"]
[EventRounds "6"]
[EventCountry "USA"]
[SourceTitle "The Week in Chess 642"]
[Source "Mark Crowther"]
[SourceDate "2007.02.26"]
[SourceVersion "1"]
[SourceVersionDate "2007.02.26"]
[SourceQuality "2"]

1. e4 c5 2. Nf3 d6 3. d4 cxd4 4. Nxd4 Nf6 5. Nc3 Nc6 6. Bc4 Bd7 7. Bb3 g6 8. f3 Nxd4 9. Qxd4 Bg7 10. Be3 O-O 11. Qd2 b5 12. Bh6 a5 13. a4 bxa4 14. Nxa4 Bxh6 15. Qxh6 Rb8 16. h4 Be6 17. Bxe6 fxe6 18. h5 gxh5 19. e5 dxe5 20. Qg5+ Kh8 21. Qxe5 Rg8 22. Rd1 Qe8 23. Nc5 Rb5 24. c4 Qb8 25. Qxb8 Rbxb8 26. Rd2 Rgc8 27. Nxe6 Rxc4 28. O-O Rcb4 29. Ra1 Rxb2 30. Rxb2 Rxb2 31. Rxa5 Kg8 32. Rg5+ Kf7 33. Nf4 h4 34. Kh2 Rb4 35. Nh5 h6 36. Ra5 Nh7 37. f4 Rb3 38. Ra6 e6 39. f5 exf5 40. Rxh6 1/2-1/2

[Event "OCF Winter NAO FIDE Op"]
[Site "Stillwater USA"]
[Date "2007.02.19"]
[Round "6"]
[White "Vavrak, Peter"]
[Black "Charbonneau, Pascal"]
[Result "1/2-1/2"]
[WhiteElo "2423"]
[BlackElo "2500"]
[PlyCount "38"]
[GameId "2129405106572945"]
[EventDate "2007.02.17"]
[EventType "swiss"]
[EventRounds "6"]
[EventCountry "USA"]
[SourceTitle "The Week in Chess 642"]
[Source "Mark Crowther"]
[SourceDate "2007.02.26"]
[SourceVersion "1"]
[SourceVersionDate "2007.02.26"]
[SourceQuality "2"]

1. d4 Nf6 2. c4 e6 3. Nf3 d5 4. Nc3 Bb4 5. Bg5 O-O 6. e3 Nbd7 7. Rc1 c5 8. Bd3 cxd4 9. exd4 dxc4 10. Bxc4 b6 11. O-O Bb7 12. Qe2 Rc8 13. Ne5 Be7 14. Rfd1 Nd5 15. Bxd5 Bxd5 16. Bxe7 Qxe7 17. Nxd5 exd5 18. Rxc8 Rxc8 19. Qg4 Rc7 1/2-1/2

[Event "La Roche-sur-Yon GM"]
[Site "La Roche-sur-Yon FRA"]
[Date "2006.03.18"]
[Round "4"]
[White "White, John"]
[Black "Charbonneau, Pascal"]
[Result "0-1"]
[WhiteElo "2514"]
[BlackElo "2496"]
[PlyCount "136"]
[GameId "2129405113612229"]
[EventDate "2006.03.15"]
[EventType "tourn"]
[EventRounds "9"]
[EventCountry "FRA"]
[EventCategory "12"]

1. Nf3 Nf6 2. c4 e6 3. Nc3 d5 4. d4 Bb4 5. cxd5 exd5 6. Bg5 O-O 7. e3 c5 8. Rc1 Nbd7 9. dxc5 Qa5 10. Nd2 b6 11. a3 Bxc3 12. Rxc3 bxc5 13. Qc2 d4 14. Bxf6 dxc3 15. Bxc3 Qb6 16. Bd3 h6 17. Qa4 Qe6 18. Be4 Rb8 19. Qxa7 Ba6 20. Bf5 Qxf5 21. Qxa6 Nb6 22. O-O Qc2 23. Nf3 Na4 24. Be5 Rbd8 25. b4 Rd1 26. Rxd1 Qxd1+ 27. Qf1 Rd8 28. bxc5 Nxc5 29. Bd4 Qc2 30. h3 Ne4 31. Ne1 Qc1 32. Nd3 Qxa3 33. Qd1 Ng5 34. Nf4 Rb8 35. h4 Ne4 36. Qc2 Qe7 37. g3 Qb7 38. Kh2 Rc8 39. Qe2 Rc1 40. Qf3 Qb1 41. Nh3 Nd2 42. Qa8+ Kh7 43. Qd5 Rd1 44. g4 Qg6 45. g5 Qe4 46. Qxe4+ Nxe4 47. gxh6 Kxh6 48. Kg2 Nd6 49. Be5 Nb5 50. Bg3 Kg6 51. Nf4+ Kf6 52. Nh5+ Kg6 53. Nf4+ Kh7 54. Kf3 Kg8 55. Kg4 Nd6 56. Kf3 Nc4 57. Nh5 Rd2 58. Bh2 Ra2 59. Bg3 f6 60. Nf4 Kf7 61. Nh5 Nd2+ 62. Kg2 Kg6 63. Nf4+ Kf5 64. Nh5 Kg4 65. Nxg7 Ne4 66. Bf4 Nxf2 67. Ne6 Nd3+ 68. Kg1 Ra6 0-1

[Event "Trophee Universitaire"]
[Site "La Roche-sur-Yon FRA"]
[Date "2006.03.15"]
[Round "1"]
[White "Rodriguez Guerrero, Enrique"]
[Black "Charbonneau, Pascal"]
[Result "1-0"]
[WhiteElo "2464"]
[BlackElo "2496"]
[PlyCount "151"]
[GameId "2129405113612238"]
[EventDate "2006.03.15"]
[EventType "tourn"]
[EventRounds "9"]
[EventCountry "FRA"]
[EventCategory "12"]
[SourceTitle "The Week in Chess 593"]
[Source "Mark Crowther"]
[SourceDate "2006.03.20"]
[SourceVersion "1"]
[SourceVersionDate "2006.03.20"]
[SourceQuality "2"]

1. e4 c5 2. Nf3 d6 3. d4 cxd4 4. Nxd4 Nf6 5. Nc3 g6 6. Be3 Bg7 7. f3 Nc6 8. Qd2 O-O 9. Bc4 Bd7 10. O-O-O Rb8 11. Bb3 Na5 12. Bh6 b5 13. Bxg7 Kxg7 14. Nd5 Nc4 15. Bxc4 bxc4 16. Nxf6 exf6 17. Qc3 Qb6 18. Kb1 Rb7 19. Ka1 Rfb8 20. Rb1 Qa6 21. Rhd1 Rb4 22. a3 Ra4 23. Rd2 Rb6 24. Ne2 Be6 25. Nf4 Qb5 26. Rbd1 Qe5 27. Nxe6+ Qxe6 28. Rd5 Rc6 29. R1d4 h5 30. h4 Kh7 31. Kb1 Kg7 32. Ka1 Kh7 33. Kb1 Kg7 34. Rb5 Qc8 35. Ka2 Qe6 36. Rbd5 Kh7 37. Rd1 Raa6 38. Qd4 Kg7 39. Re1 Rab6 40. Re3 Rc8 41. Rc3 Rcb8 42. Rxc4 Rxb2+ 43. Qxb2 Rxb2+ 44. Kxb2 f5 45. Rcd4 fxe4 46. fxe4 Qf6 47. g3 Qf2 48. Rd3 Qb6+ 49. Rb3 Qc6 50. Rd4 a5 51. Rbd3 Qb7+ 52. Kc1 Qc6 53. Kd2 Qb7 54. Rd5 Qb6 55. Rxd6 Qf2+ 56. Kc3 Qe1+ 57. Kd4 Qf2+ 58. Kc3 Qe1+ 59. Kb2 Qxe4 60. R6d5 Qe6 61. c4 Qb6+ 62. Kc3 Qf6+ 63. Kb3 Qb6+ 64. Rb5 Qg1 65. Kb2 Qf2+ 66. Kb3 Qf1 67. Rbd5 Qb1+ 68. Ka4 Qc2+ 69. Kb5 a4 70. c5 Kf6 71. c6 Ke6 72. Rd6+ Ke5 73. Kb6 Qf2+ 74. Kb7 Qb2+ 75. Kc8 Qb6 76. c7 1-0

[Event "Trophee Universitaire"]
[Site "La Roche-sur-Yon FRA"]
[Date "2006.03.16"]
[Round "2"]
[White "Dunis, Aurelien"]
[Black "Charbonneau, Pascal"]
[Result "1/2-1/2"]
[WhiteElo "2534"]
[BlackElo "2496"]
[PlyCount "62"]
[GameId "2129405113612240"]
[EventDate "2006.03.15"]
[EventType "tourn"]
[EventRounds "9"]
[EventCountry "FRA"]
[EventCategory "12"]
[SourceTitle "The Week in Chess 593"]
[Source "Mark Crowther"]
[SourceDate "2006.03.20"]
[SourceVersion "1"]
[SourceVersionDate "2006.03.20"]
[SourceQuality "2"]

1. d4 Nf6 2. c4 e6 3. Nf3 d5 4. Nc3 Bb4 5. Bg5 O-O 6. e3 c5 7. cxd5 exd5 8. Be2 Be6 9. O-O Nbd7 10. Ne5 Qa5 11. Nxd7 Nxd7 12. Qb3 cxd4 13. exd4 Rfc8 14. Rfc1 Nb6 15. a3 Bf8 16. Qb5 Qxb5 17. Nxb5 Rxc1+ 18. Rxc1 a6 19. Nc7 Rc8 20. Nxe6 Rxc1+ 21. Bxc1 fxe6 22. Kf1 Be7 23. Bg4 Kf7 24. Ke2 Bf6 25. Kd3 Nc4 26. b3 Na5 27. Bd1 Nc6 28. Be3 Be7 29. Bc1 Bf6 30. Be3 Be7 31. Bc1 Bf6 1/2-1/2

[Event "Trophee Universitaire"]
[Site "La Roche-sur-Yon FRA"]
[Date "2006.03.17"]
[Round "3"]
[White "Charbonneau, Pascal"]
[Black "Istratescu, Andrei"]
[Result "1/2-1/2"]
[WhiteElo "2496"]
[BlackElo "2618"]
[PlyCount "68"]
[GameId "2129405113612246"]
[EventDate "2006.03.15"]
[EventType "tourn"]
[EventRounds "9"]
[EventCountry "FRA"]
[EventCategory "12"]
[SourceTitle "The Week in Chess 593"]
[Source "Mark Crowther"]
[SourceDate "2006.03.20"]
[SourceVersion "1"]
[SourceVersionDate "2006.03.20"]
[SourceQuality "2"]

1. e4 e5 2. Nf3 Nc6 3. Bb5 Nf6 4. O-O Nxe4 5. d4 Nd6 6. Bxc6 dxc6 7. dxe5 Ne4 8. Qe2 Bf5 9. Be3 Bc5 10. Rd1 Qe7 11. h3 O-O 12. Nbd2 Bxe3 13. Qxe3 Nc5 14. Nd4 Bg6 15. f4 Ne6 16. Ne4 Rad8 17. c3 Nxd4 18. Rxd4 Rxd4 19. Qxd4 Rd8 20. Qe3 Bxe4 21. Qxe4 Rd2 22. Qe3 Rxb2 23. Rd1 h6 24. Qxa7 Qe6 25. Qe3 Rxa2 26. Rd8+ Kh7 27. Qd3+ Qg6 28. Qxg6+ Kxg6 29. g4 Re2 30. Rd7 f5 31. Rxc7 Re4 32. gxf5+ Kxf5 33. Rf7+ Ke6 34. Rxb7 Rxf4 1/2-1/2

[Event "Trophee Universitaire"]
[Site "La Roche-sur-Yon FRA"]
[Date "2006.03.19"]
[Round "5"]
[White "Charbonneau, Pascal"]
[Black "Rombaldoni, Denis"]
[Result "1-0"]
[WhiteElo "2496"]
[BlackElo "2292"]
[PlyCount "71"]
[GameId "2129405113612256"]
[EventDate "2006.03.15"]
[EventType "tourn"]
[EventRounds "9"]
[EventCountry "FRA"]
[EventCategory "12"]
[SourceTitle "The Week in Chess 593"]
[Source "Mark Crowther"]
[SourceDate "2006.03.20"]
[SourceVersion "1"]
[SourceVersionDate "2006.03.20"]
[SourceQuality "2"]

1. e4 c6 2. d4 d5 3. Nc3 dxe4 4. Nxe4 Nf6 5. Nxf6+ gxf6 6. c3 Qd5 7. c4 Qe4+ 8. Be3 e5 9. Ne2 Bb4+ 10. Nc3 f5 11. Qe2 f4 12. Bd2 Qxe2+ 13. Nxe2 Bxd2+ 14. Kxd2 f6 15. Re1 O-O 16. dxe5 Rd8+ 17. Kc1 fxe5 18. Nc3 Nd7 19. g3 f3 20. Re3 Rf8 21. Bd3 Nf6 22. h3 Be6 23. Rxe5 Rae8 24. Re3 Nd7 25. Rhe1 Bf7 26. Rxe8 Rxe8 27. Rxe8+ Bxe8 28. Kd2 Ne5 29. Ke3 Bd7 30. Bf1 Bf5 31. Ne4 Be6 32. b3 b5 33. Ng5 Bf5 34. cxb5 cxb5 35. Bxb5 Bb1 36. Nxf3 1-0

[Event "Trophee Universitaire"]
[Site "La Roche-sur-Yon FRA"]
[Date "2006.03.22"]
[Round "7"]
[White "Charbonneau, Pascal"]
[Black "Sasikiran, Krishnan"]
[Result "0-1"]
[WhiteElo "2496"]
[BlackElo "2670"]
[PlyCount "130"]
[GameId "2129405113612265"]
[EventDate "2006.03.15"]
[EventType "tourn"]
[EventRounds "9"]
[EventCountry "FRA"]
[EventCategory "12"]
[SourceTitle "The Week in Chess 594"]
[Source "Mark Crowther"]
[SourceDate "2006.03.27"]
[SourceVersion "1"]
[SourceVersionDate "2006.03.27"]
[SourceQuality "2"]

1. e4 e5 2. Nf3 Nc6 3. Bb5 a6 4. Ba4 Nf6 5. O-O Be7 6. Re1 b5 7. Bb3 d6 8. c3 O-O 9. h3 Nb8 10. d4 Nbd7 11. Nbd2 Bb7 12. Bc2 Re8 13. Nf1 Bf8 14. Ng3 g6 15. a4 Bg7 16. Bd3 c6 17. Bg5 Nf8 18. Qd2 Ne6 19. Be3 Nd7 20. Bf1 Qc7 21. Red1 Rad8 22. Qc2 Nb6 23. a5 Nd7 24. b4 Rc8 25. Rac1 d5 26. dxe5 Nxe5 27. Nxe5 Qxe5 28. exd5 cxd5 29. Ne2 Bf8 30. Qd2 Bd6 31. f4 Qf6 32. g3 Qe7 33. Bf2 d4 34. Bg2 Bxg2 35. Kxg2 Qb7+ 36. Kg1 Qe4 37. Qd3 Qxd3 38. Rxd3 Bf8 39. cxd4 Bxb4 40. Rxc8 Rxc8 41. d5 Nc5 42. Rd1 Ne4 43. Bb6 Rc4 44. Kg2 Kf8 45. Rd3 Ke7 46. Nd4 Kd6 47. Nc6 Bc5 48. Nb8 Rc2+ 49. Kf1 Ra2 50. Nc6 Rd2 51. Rxd2 Nxd2+ 52. Ke2 Nc4 53. Bxc5+ Kxc5 54. Kd3 b4 55. Nb8 b3 56. Nxa6+ Kxd5 57. Nc7+ Kc6 58. Ne8 Kb5 59. Kc3 b2 60. Kc2 Kxa5 61. Nf6 Kb4 62. Nd5+ Ka3 63. Nc3 Ne3+ 64. Kb1 Kb3 65. Ne4 Nc4 0-1

[Event "Trophee Universitaire"]
[Site "La Roche-sur-Yon FRA"]
[Date "2006.03.24"]
[Round "9"]
[White "Charbonneau, Pascal"]
[Black "Pelletier, Yannick"]
[Result "0-1"]
[WhiteElo "2496"]
[BlackElo "2579"]
[PlyCount "64"]
[GameId "2129405113612275"]
[EventDate "2006.03.15"]
[EventType "tourn"]
[EventRounds "9"]
[EventCountry "FRA"]
[EventCategory "12"]
[SourceTitle "The Week in Chess 594"]
[Source "Mark Crowther"]
[SourceDate "2006.03.27"]
[SourceVersion "1"]
[SourceVersionDate "2006.03.27"]
[SourceQuality "2"]

1. e4 e6 2. d4 d5 3. Nc3 Bb4 4. e5 Ne7 5. a3 Bxc3+ 6. bxc3 c5 7. Qg4 O-O 8. Bd3 f5 9. exf6 Rxf6 10. Bg5 Rf7 11. Qh5 h6 12. Bxe7 Rxe7 13. Nf3 c4 14. Bg6 Nc6 15. O-O Bd7 16. Rfe1 Be8 17. Nh4 Qd6 18. Re3 Bxg6 19. Nxg6 Rf7 20. Rae1 Rf6 21. Qg4 Re8 22. h4 Nd8 23. a4 Kh7 24. h5 Qd7 25. f4 Qxa4 26. R1e2 Rg8 27. Ne7 Rgf8 28. f5 R8f7 29. Ng6 Rxf5 30. Ne5 R7f6 31. Rg3 Rg5 32. Qh4 Qa1+ 0-1

[Event "Winter Invitational"]
[Site "Chicago USA"]
[Date "2006.01.09"]
[Round "1"]
[White "Smetankin, Stanislav"]
[Black "Charbonneau, Pascal"]
[Result "1/2-1/2"]
[WhiteElo "2485"]
[BlackElo "2496"]
[PlyCount "171"]
[GameId "2129405114440509"]
[EventDate "2006.01.09"]
[EventType "tourn"]
[EventRounds "9"]
[EventCountry "USA"]
[EventCategory "10"]
[SourceTitle "The Week in Chess 585"]
[Source "Mark Crowther"]
[SourceDate "2006.01.23"]
[SourceVersion "1"]
[SourceVersionDate "2006.01.23"]
[SourceQuality "2"]

1. e4 c5 2. Nf3 g6 3. d4 Bg7 4. Nc3 cxd4 5. Nxd4 Nc6 6. Nb3 Nf6 7. Be2 O-O 8. O-O a6 9. a4 d6 10. Re1 Be6 11. Bf1 Bxb3 12. cxb3 Rc8 13. Be3 e6 14. f4 d5 15. Bc5 Re8 16. exd5 Qa5 17. Bf2 Nxd5 18. Nxd5 exd5 19. Rxe8+ Rxe8 20. Rc1 Bxb2 21. Rc5 Qb4 22. Qxd5 Qxf4 23. Rc2 Be5 24. g3 Qf5 25. Rd2 Rd8 26. Qxd8+ Nxd8 27. Rxd8+ Kg7 28. Rd5 h5 29. Bd3 Qe6 30. Bc4 h4 31. Rd4 Qf5 32. Rd1 b5 33. axb5 axb5 34. Bf1 hxg3 35. hxg3 Qg4 36. Rd3 f5 37. Kg2 Kf6 38. Rd7 Qe4+ 39. Kg1 Qc6 40. Rd3 g5 41. Rd1 Qc2 42. Rd5 b4 43. Bc4 g4 44. Rd3 Kg5 45. Be3+ Kg6 46. Bf2 Qc1+ 47. Kg2 Qb2 48. Rd5 Bb8 49. Kg1 Ba7 50. Bxa7 Qa1+ 51. Kg2 Qxa7 52. Rd2 Qe3 53. Rf2 Qd4 54. Rf4 Qh8 55. Bd5 Qh3+ 56. Kf2 Qh2+ 57. Bg2 Qh8 58. Rxb4 Qc3 59. Rf4 Qxb3 60. Bf1 Qd5 61. Kg1 Kg5 62. Bg2 Qe5 63. Kh2 Qb2 64. Rf1 Kf6 65. Rf4 Ke5 66. Rf1 Qc2 67. Rf4 Qd3 68. Bh1 Qe2+ 69. Bg2 Qb2 70. Kg1 Ke6 71. Kh2 Qc3 72. Rf1 Qb2 73. Rf4 Ke5 74. Kg1 Qc1+ 75. Kh2 Qc3 76. Kg1 Qc7 77. Kh2 Qc8 78. Kg1 Qc7 79. Kh2 Qa7 80. Bf1 Ke6 81. Bg2 Qa1 82. Rf1 Qc3 83. Rf4 Ke5 84. Bf1 Qc6 85. Bg2 Qb6 86. Kh1 1/2-1/2

[Event "Winter Invitational"]
[Site "Chicago USA"]
[Date "2006.01.09"]
[Round "2"]
[White "Charbonneau, Pascal"]
[Black "Georgiev, Vladimir"]
[Result "1/2-1/2"]
[WhiteElo "2496"]
[BlackElo "2538"]
[PlyCount "60"]
[GameId "2129405114440512"]
[EventDate "2006.01.09"]
[EventType "tourn"]
[EventRounds "9"]
[EventCountry "USA"]
[EventCategory "10"]
[SourceTitle "The Week in Chess 585"]
[Source "Mark Crowther"]
[SourceDate "2006.01.23"]
[SourceVersion "1"]
[SourceVersionDate "2006.01.23"]
[SourceQuality "2"]

1. e4 e5 2. Nf3 Nc6 3. d4 exd4 4. Nxd4 Bc5 5. Nxc6 Qf6 6. Qd2 dxc6 7. Nc3 Ne7 8. Qf4 Bd4 9. Qxf6 Bxf6 10. Bf4 Bxc3+ 11. bxc3 Kd8 12. O-O-O+ Bd7 13. Bc4 Kc8 14. Rd2 b5 15. Rhd1 Bg4 16. f3 bxc4 17. fxg4 Ng6 18. Bg3 Re8 19. Rd4 Rb8 20. Rxc4 Rb6 21. Ra4 a6 22. Bf2 c5 23. Rd5 Rc6 24. Rxc5 Rxc5 25. Bxc5 Kb7 26. Rb4+ Kc6 27. Bf2 Nf4 28. Rc4+ Kb7 29. Rb4+ Kc6 30. Rc4+ Kb7 1/2-1/2

[Event "Winter Invitational"]
[Site "Chicago USA"]
[Date "2006.01.10"]
[Round "3"]
[White "Perelshteyn, Eugene"]
[Black "Charbonneau, Pascal"]
[Result "0-1"]
[WhiteElo "2522"]
[BlackElo "2496"]
[PlyCount "84"]
[GameId "2129405114440519"]
[EventDate "2006.01.09"]
[EventType "tourn"]
[EventRounds "9"]
[EventCountry "USA"]
[EventCategory "10"]
[SourceTitle "The Week in Chess 585"]
[Source "Mark Crowther"]
[SourceDate "2006.01.23"]
[SourceVersion "1"]
[SourceVersionDate "2006.01.23"]
[SourceQuality "2"]

1. e4 c5 2. Nf3 d6 3. d4 cxd4 4. Nxd4 Nf6 5. Nc3 g6 6. Be3 Bg7 7. f3 Nc6 8. Bc4 O-O 9. Qd2 Bd7 10. O-O-O Rb8 11. Bb3 Na5 12. g4 b5 13. Nde2 b4 14. Nd5 Nxb3+ 15. cxb3 Nxd5 16. exd5 Qa5 17. Kb1 Rb5 18. Nf4 Bc8 19. Bd4 Bh6 20. Rhe1 Re8 21. Bf6 Qd8 22. Qe2 Rb8 23. Rd4 Qb6 24. Qd2 Bxg4 25. fxg4 exf6 26. Rxe8+ Rxe8 27. Qxb4 Qxb4 28. Rxb4 Re1+ 29. Kc2 Rh1 30. h3 Rh2+ 31. Kc3 Kg7 32. Ra4 Bxf4 33. Rxf4 Rxh3+ 34. Kc4 g5 35. Rd4 h5 36. gxh5 f5 37. b4 g4 38. b5 Rxh5 39. a4 g3 40. Rd1 Rh4+ 41. Kd3 Rxa4 42. Ke3 Rg4 0-1

[Event "Winter Invitational"]
[Site "Chicago USA"]
[Date "2006.01.11"]
[Round "5"]
[White "Young, Angelo"]
[Black "Charbonneau, Pascal"]
[Result "0-1"]
[WhiteElo "2380"]
[BlackElo "2496"]
[PlyCount "79"]
[GameId "2129405114440530"]
[EventDate "2006.01.09"]
[EventType "tourn"]
[EventRounds "9"]
[EventCountry "USA"]
[EventCategory "10"]
[SourceTitle "The Week in Chess 585"]
[Source "Mark Crowther"]
[SourceDate "2006.01.23"]
[SourceVersion "1"]
[SourceVersionDate "2006.01.23"]
[SourceQuality "2"]

1. d4 d5 2. Nf3 Nf6 3. Bf4 c5 4. e3 Nc6 5. c3 Qb6 6. Qc1 Bf5 7. Nh4 Bd7 8. Nd2 cxd4 9. exd4 e5 10. Bg3 e4 11. Nb3 h6 12. f4 a5 13. Bf2 g5 14. fxg5 hxg5 15. Qxg5 Be7 16. Nf5 Bxf5 17. Qxf5 a4 18. Nd2 Qxb2 19. Rb1 Qxc3 20. Bb5 e3 21. O-O Qxd2 22. Bg3 e2 23. Bxe2 Qe3+ 24. Bf2 Qxe2 25. Rfe1 Qh5 26. Qxf6 Qxh2+ 27. Kf1 Qh1+ 28. Bg1 Qh4 29. Qf3 Rh6 30. Bf2 Qf6 31. Qg3 Rh1+ 32. Ke2 Rxe1+ 33. Rxe1 O-O-O 34. Kf1 Rh8 35. Qg4+ Kb8 36. Kg1 Bd6 37. Re3 Qh6 38. Kf1 Qh1+ 39. Ke2 Qb1 40. Bg3 0-1

[Event "Winter Invitational"]
[Site "Chicago USA"]
[Date "2006.01.12"]
[Round "7"]
[White "Blehm, Pawel"]
[Black "Charbonneau, Pascal"]
[Result "1/2-1/2"]
[WhiteElo "2520"]
[BlackElo "2496"]
[PlyCount "26"]
[GameId "2129405114440536"]
[EventDate "2006.01.09"]
[EventType "tourn"]
[EventRounds "9"]
[EventCountry "USA"]
[EventCategory "10"]
[SourceTitle "The Week in Chess 585"]
[Source "Mark Crowther"]
[SourceDate "2006.01.23"]
[SourceVersion "1"]
[SourceVersionDate "2006.01.23"]
[SourceQuality "2"]

1. e4 c5 2. Nf3 d6 3. Nc3 Nf6 4. d4 cxd4 5. Qxd4 a6 6. e5 Nc6 7. Qa4 Nd7 8. exd6 Nc5 9. Qf4 e6 10. Be3 Qxd6 11. Qxd6 Bxd6 12. O-O-O Bd7 13. Be2 b5 1/2-1/2

[Event "Winter Invitational"]
[Site "Chicago USA"]
[Date "2006.01.12"]
[Round "8"]
[White "Charbonneau, Pascal"]
[Black "Mitkov, Nikola"]
[Result "1/2-1/2"]
[WhiteElo "2496"]
[BlackElo "2552"]
[PlyCount "26"]
[GameId "2129405114440541"]
[EventDate "2006.01.09"]
[EventType "tourn"]
[EventRounds "9"]
[EventCountry "USA"]
[EventCategory "10"]
[SourceTitle "The Week in Chess 585"]
[Source "Mark Crowther"]
[SourceDate "2006.01.23"]
[SourceVersion "1"]
[SourceVersionDate "2006.01.23"]
[SourceQuality "2"]

1. e4 e5 2. Nf3 Nc6 3. d4 exd4 4. Nxd4 Bc5 5. Be3 Qf6 6. c3 Nge7 7. g3 d5 8. Bg2 dxe4 9. O-O Bb6 10. Nd2 Nxd4 11. Nxe4 Qg6 12. Bxd4 O-O 13. Re1 Nc6 1/2-1/2

[Event "Winter Invitational"]
[Site "Chicago USA"]
[Date "2006.01.13"]
[Round "9"]
[White "Charbonneau, Pascal"]
[Black "Goletiani, Rusudan"]
[Result "1-0"]
[WhiteElo "2496"]
[BlackElo "2378"]
[PlyCount "85"]
[GameId "2129405114440547"]
[EventDate "2006.01.09"]
[EventType "tourn"]
[EventRounds "9"]
[EventCountry "USA"]
[EventCategory "10"]
[SourceTitle "The Week in Chess 585"]
[Source "Mark Crowther"]
[SourceDate "2006.01.23"]
[SourceVersion "1"]
[SourceVersionDate "2006.01.23"]
[SourceQuality "2"]

1. e4 c5 2. Nf3 e6 3. d4 cxd4 4. Nxd4 a6 5. Nc3 Qc7 6. Bd3 Bd6 7. Qd2 Nc6 8. Nxc6 dxc6 9. Qg5 f6 10. Qh5+ Qf7 11. Qe2 e5 12. O-O Ne7 13. Rd1 Bc5 14. Na4 Ba7 15. Be3 b5 16. Nb6 Bxb6 17. Bxb6 O-O 18. a4 Be6 19. Qe3 Ng6 20. b3 Nf4 21. Bf1 Qg6 22. Rd6 Rac8 23. Kh1 Rfe8 24. g3 Nh5 25. Re1 f5 26. exf5 Qxf5 27. c4 bxa4 28. bxa4 Nf6 29. Kg1 Bf7 30. a5 e4 31. h3 c5 32. Red1 Be6 33. g4 Qg6 34. Kh1 Qf7 35. Bxc5 Bxg4 36. hxg4 Nxg4 37. Qg3 Rxc5 38. Qxg4 Qxf2 39. Bh3 e3 40. Rf1 e2 41. Rxf2 e1=Q+ 42. Rf1 Qe5 43. Re6 1-0

[Event "World Cup"]
[Site "Khanty Mansyisk RUS"]
[Date "2005.11.27"]
[Round "1.1"]
[White "Charbonneau, Pascal"]
[Black "Dreev, Alexey"]
[Result "0-1"]
[WhiteElo "2500"]
[BlackElo "2694"]
[PlyCount "152"]
[GameId "2129405115143528"]
[EventDate "2005.11.27"]
[EventType "k.o."]
[EventRounds "7"]
[EventCountry "RUS"]
[SourceTitle "The Week in Chess 577"]
[Source "Mark Crowther"]
[SourceDate "2005.11.28"]
[SourceVersion "1"]
[SourceVersionDate "2005.11.28"]
[SourceQuality "2"]

1. e4 c6 2. d4 d5 3. e5 Bf5 4. Be3 e6 5. Nd2 Nd7 6. Be2 Qb6 7. Nb3 Bg6 8. f4 a5 9. a4 Bb4+ 10. c3 Be7 11. Nf3 h5 12. h3 Nh6 13. Bf2 Nf5 14. O-O h4 15. c4 dxc4 16. Bxc4 Qd8 17. Bd3 Nb6 18. Bb1 Nd5 19. Qc1 Bh5 20. Be4 Qb6 21. Nc5 Bxf3 22. Bxf3 Bxc5 23. dxc5 Qb4 24. Re1 Nxf4 25. Be4 g5 26. Bxf5 exf5 27. Qc2 Ne6 28. Rad1 Qf4 29. Qb3 O-O 30. Qxb7 Rab8 31. Qxc6 Rxb2 32. Rf1 Rfb8 33. Rde1 Ra2 34. Be3 Qxa4 35. Qxa4 Rxa4 36. Rc1 Re4 37. Bf2 Rxe5 38. Rfd1 Rc8 39. Rd7 Rc6 40. Ra7 Nf4 41. Rb1 Ne2+ 42. Kf1 Ng3+ 43. Kg1 Rcxc5 44. Bxc5 Rxc5 45. Ra1 Kg7 46. R7xa5 Rc6 47. Ra6 Re6 48. Ra7 Kg6 49. Ra8 Kf6 50. R8a4 Kg7 51. Ra5 Kf6 52. R5a4 Ne4 53. Ra7 Kg6 54. Ra8 f4 55. Rg8+ Kf5 56. Rf8 f6 57. Ra5+ Kg6 58. Ra1 Re5 59. Rfa8 Kf5 60. R8a4 Ng3 61. R4a2 Kg6 62. Ra3 Nf5 63. Ra4 Re3 64. R4a3 Rg3 65. R1a2 Ne3 66. Rf2 Nc4 67. Ra8 Ne5 68. Ra5 Re3 69. Raa2 f3 70. gxf3 Nxf3+ 71. Kg2 Nd4 72. Ra6 Rg3+ 73. Kf1 Nf5 74. Ra5 Ng7 75. Ra6 Nh5 76. Rh2 Nf4 0-1

[Event "World Cup"]
[Site "Khanty Mansyisk RUS"]
[Date "2005.11.27"]
[Round "1.2"]
[White "Dreev, Alexey"]
[Black "Charbonneau, Pascal"]
[Result "1-0"]
[WhiteElo "2694"]
[BlackElo "2500"]
[PlyCount "79"]
[GameId "2129405115151781"]
[EventDate "2005.11.27"]
[EventType "k.o."]
[EventRounds "7"]
[EventCountry "RUS"]
[SourceTitle "The Week in Chess 577"]
[Source "Mark Crowther"]
[SourceDate "2005.11.28"]
[SourceVersion "1"]
[SourceVersionDate "2005.11.28"]
[SourceQuality "2"]

1. d4 Nf6 2. c4 g6 3. Nc3 Bg7 4. e4 O-O 5. Nf3 c6 6. Be2 d5 7. e5 Ne4 8. O-O Nxc3 9. bxc3 dxc4 10. Bxc4 c5 11. Bf4 cxd4 12. cxd4 Bg4 13. d5 Nd7 14. Re1 Rc8 15. Bb3 f6 16. exf6 Bxf6 17. Bh6 Bxf3 18. Qxf3 Bxa1 19. d6+ e6 20. Bxe6+ Kh8 21. Bxf8 Qxf8 22. Qxf8+ Rxf8 23. Rxa1 Nc5 24. Bg4 Rd8 25. Rc1 b6 26. Re1 h5 27. Bf3 a5 28. Rd1 Kg7 29. Bc6 Kf6 30. h4 Ke6 31. f3 Nd7 32. Bb5 Nf8 33. d7 Nxd7 34. Kf2 Ke7 35. Ke3 Nf8 36. Rxd8 Kxd8 37. Ke4 Ne6 38. Ke5 Ke7 39. Bc4 Nd8 40. Kd5 1-0

[Event "World op"]
[Site "Philadelphia USA"]
[Date "2005.06.28"]
[Round "1"]
[White "Charbonneau, Pascal"]
[Black "Strenzwilk, Denis"]
[Result "1-0"]
[WhiteElo "2495"]
[BlackElo "2104"]
[PlyCount "71"]
[GameId "2129405119222344"]
[EventDate "2005.06.28"]
[EventType "swiss"]
[EventRounds "9"]
[EventCountry "USA"]
[SourceTitle "The Week in Chess 563"]
[Source "Mark Crowther"]
[SourceDate "2005.08.22"]
[SourceVersion "1"]
[SourceVersionDate "2005.08.22"]
[SourceQuality "2"]

1. e4 c5 2. Nf3 Nc6 3. d4 cxd4 4. Nxd4 Nf6 5. Nc3 d6 6. Bg5 e6 7. Qd2 a6 8. O-O-O Bd7 9. f4 b5 10. Bxf6 gxf6 11. Nf3 b4 12. Ne2 Qb6 13. Kb1 h5 14. g3 a5 15. f5 e5 16. Nc1 a4 17. Bc4 Ra5 18. b3 axb3 19. Nxb3 Ra7 20. Qd3 Na5 21. Nxa5 Qxa5 22. Nd2 Bc6 23. Bb3 Be7 24. Qc4 Qc5 25. Qxf7+ Kd8 26. Rhe1 Be8 27. Qg7 Rf8 28. Nc4 Rf7 29. Qh8 Rf8 30. Qh6 Kc8 31. Rd5 Qf2 32. Red1 Qxh2 33. Nxd6+ Kb8 34. Qe3 Bxd6 35. Qb6+ Ka8 36. Rxd6 1-0